• 首页
  • 本馆介绍
  • 公告通知
  • 最新文献
  • 馆藏检索
  • 电子资源
  • 读者导购
  • 参考咨询
  • 我的图书馆
  • 登录
  • 详细信息显示
  • 放入我的书架
  • 预约/预借图书
  • 作者相关作品
  • 分类相关作品
  • 丛书相关作品
  • 出版社相关作品

书目信息

  • 表格格式
  • 工作单格式
  • 卡片格式
题名:
造纸湿部化学
    
 
作者: 邱化玉 , 刘温霞 编著
分册:  
出版信息: 北京   化学工业出版社  2006
页数:
开本: 26cm
丛书名:
单 册:
中图分类: TS71
科图分类:
主题词: 造纸工业--基础理论
电子资源:
ISBN: 7-5025-7634-7
000 00570nam0 2200193 450
001 0754114953
005 20070929150154.95
010    @a7-5025-7634-7
100    @a20070929d km y0chiy0120 ea
101 0  @achi
200 1  @a造纸湿部化学@Azao zhi shi bu hua xue@f刘温霞,邱化玉 编著@Fliu wen xia,qiu hua yu bian zhu
210    @a北京@c化学工业出版社@d2006
215    @c插图@d26cm
606 0  @a造纸工业@x基础理论
690    @aTS71@v3
701  0 @a邱化玉@Aqiu hua yu@4编著
701  0 @a刘温霞@Aliu wen xia@4编著
801  0 @aCN@bPFT@c20070929
905    @a213230@dTS71@eh8@f1
    
    造纸湿部化学/刘温霞,邱化玉 编著.-北京:化学工业出版社,2006
    插图;26cm
    
    
    ISBN 7-5025-7634-7:
    
●
相关链接 在E读中查询图书 在五车中查询图书 在当当中查询图书 在豆瓣中查询图书


正题名:造纸湿部化学     索取号:TS71/h8         预约/预借

序号 登录号 条形码 馆藏地/架位号 状态 备注
1 6002054   260020541   密集书库-化学系/ [索取号:TS71/h8] 在馆    
唐山师范学院图书馆 欢迎您!
大连网信软件有限公司© 版权所有